[Event "Hannover Bezirk-ch C"]
[Site "Hannover"]
[Date "2018.10.04"]
[Round "1.3"]
[White "Kosmehl, Ralf"]
[Black "Arban, Jens"]
[Result "1/2-1/2"]
[WhiteElo "1575"]
[BlackElo "1422"]
[PlyCount "47"]
[EventDate "2018.10.04"]
[EventType "swiss"]
[EventRounds "7"]
[EventCountry "GER"]
[SourceTitle "EXT 2022"]
[Source "ChessBase"]
[SourceDate "2021.10.06"]
[SourceVersion "1"]
[SourceVersionDate "2021.10.06"]
[SourceQuality "1"]

1. e4 e6 2. d4 b6 3. Nf3 Bb7 4. Bd3 Nf6 5. Qe2 d6 6. Bg5 Be7 7. Nbd2 h6 8. Be3 Nbd7 9. h3 e5 10. d5 a6 11. c4 Nc5 12. Bc2 0-0 13. Nh2 Nh7 14. 0-0-0 Bg5 15. Rdf1 b5 16. b3 c6 17. g3 b4 18. f4 Bf6 19. Ng4 cxd5 20. exd5 Bc8 21. fxe5 Bxg4 22. Qxg4 Bxe5 23. Bxh6 Qa5 24. Nf3 1/2-1/2